[Event "Bayerische EM 2023 - Allgemeine Gruppe"]
[Site "Rosenheim"]
[Date "2022.08.21"]
[Round "1.24"]
[White "Schulz, Lukas"]
[Black "Miller, Eduard"]
[Result "1/2-1/2"]
[WhiteElo "2347"]
[BlackElo "2324"]
[PlyCount "42"]
[EventDate "2022.??.??"]
[WhiteTeam "SC Erlangen 48/88"]
[BlackTeam "SC Erlangen 48/88"]

1. e4 e6 2. Nc3 d5 3. g3 dxe4 4. Nxe4 Nf6 5. Bg2 Nxe4 6. Bxe4 Nd7 7. Bg2 Bd6 8.
Nf3 O-O 9. d4 Rb8 10. O-O b6 11. Re1 Bb7 12. Qe2 h6 13. Ne5 Bxg2 14. Kxg2 Nxe5
15. dxe5 Bc5 16. Rd1 Qc8 17. Qe4 Rd8 18. Be3 Bxe3 19. Qxe3 Qb7+ 20. Qf3 Qxf3+
21. Kxf3 Kf8 1/2-1/2